Lettere dall'Egitto

Kaydedildi:
Detaylı Bibliyografya
Yazar: Berger Hans Georg
Materyal Türü: Kitap
Dil:Bilinmeyen Dil
Baskı/Yayın Bilgisi: Torino EDT 1999
Etiketler: Etiketle
Etiket eklenmemiş, İlk siz ekleyin!

MARC

LEADER 00000nam a2200000Ia 4500
001 465
003 NUMERAZIONE-ORIGINALE-BRESCIA
005 20260206230753.0
008 260206s9999 xx 000 0 und d
100 |a Berger Hans Georg 
245 0 |a Lettere dall'Egitto 
260 |a Torino 
260 |b EDT 
260 |c 1999 
500 |a Dal Cairo a Assuan 19.. 
500 |a Viaggi e avventura 
942 |2 ddc  |c BK  |n 0 
952 |0 0  |1 0  |2 ddc  |4 0  |6 16  |7 0  |9 28592  |a BS  |b BS  |d 2026-02-06  |i 465  |l 0  |o 1-6-*  |r 2026-02-06 22:40:38  |w 2026-02-06  |x [REVISIONARE]  |y BK 
999 |c 24251  |d 24251